| 000 | 00840cam a2200205 4500 | ||
|---|---|---|---|
| 001 | L136908 | ||
| 008 | 070302n2006 000 0 eng u | ||
| 035 | _a(Sirsi) u136908 | ||
| 041 | 0 | _aeng | |
| 110 | 2 |
_aGVA Grimley _93646 |
|
| 245 | 0 | 0 |
_aGetting to grips with London's gateway _h[electronic resource] |
| 260 |
_aLondon _bGVA Grimley _c2006 |
||
| 520 | _aDiscusses commercial and residential developments with the regeneration of the area, and the developments associated with the 2012 London and Paralympics Games. Discusses the role the games will have in enhancing the image of East London. | ||
| 590 | _aKA | ||
| 650 | 2 | 4 | _aOLYMPIC GAMES 2012 |
| 651 | 4 | _aEAST LONDON | |
| 690 | _aPROPERTY-PROPERTY DEVELOPMENT | ||
| 856 | 4 | 0 |
_uhttps://www.gvagrimley.co.uk/ _zView the item free of charge at www.gvagrimley.co.uk... |
| 942 | _n0 | ||
| 999 |
_c106541 _d106541 |
||